| 000 | 00814cab a2200205 4500 | ||
|---|---|---|---|
| 001 | ##ABS52830 | ||
| 008 | 090401t1995 xxu||||| |||| 00| 0 eng d | ||
| 035 | _a(Sirsi) u364 | ||
| 041 | 0 | _aeng | |
| 245 | 0 | 0 |
_aSpecial feature _bfire |
| 260 | _c1995 | ||
| 350 | _a0 | ||
| 490 |
_aNew Builder _v(257) 12 May 1995, 23-36(10) |
||
| 520 | _aConsiders the debate over the best way to protect buildings against fire, examining fire door design, types of fire, fire resistant cable conduit and a testing facility for the Fire Research Station. | ||
| 520 | _aThis item is no longer held by the RICS but may be available via inter-library loan. Please ask Library staff for details. | ||
| 651 | 4 |
_aUnited Kingdom _y |
|
| 690 | _aBUILT ENVIRONMENT-BUILDING STANDARDS-FIRE REGULATIONS | ||
| 942 | _n0 | ||
| 948 | _c04/03/1997 | ||
| 999 |
_c139 _d139 |
||